| 000 | 00000nas 2200000za 4500 |
| 001 | 9.839633 |
| 003 | CaOODSP |
| 005 | 20221107151641 |
| 007 | cr ||||||||||| |
| 008 | 170713d20092010mbc x pso f0 b0fre|d |
| 040 | |aCaOODSP|bfre |
| 043 | |an-cn--- |
| 086 | 1 |aIR2-1F-PDF |
| 110 | 1 |aCanada.|bCommission de vérité et réconciliation du Canada. |
| 245 | 10|aBulletin |h[ressource électronique]. |
| 260 | |a[Winnipeg] : |bPensionnats indiens, Commission de vérité et réconciliation du Canada, |c[2009-2010]. |
| 310 | |aIrreguliér |
| 362 | 1 |aParaît depuis printemps 2009; ne paraît pas après avril 2010. |
| 500 | |aPubl. aussi en anglais sous le titre : Newsletter. |
| 692 | 07|2gccst|aAffaires autochtones |
| 692 | 07|2gccst|aCommission d'enquête |
| 775 | 08|tNewsletter |w(CaOODSP)9.839617 |